Microform librarianship (Record no. 345)

MARC details
000 -LEADER
fixed length control field 00577nam a2200229Ia 4500
020 ## - INTERNATIONAL STANDARD BOOK NUMBER
ISBN 0-408-70799-2
082 ## - DEWEY DECIMAL CLASSIFICATION NUMBER
Classification number 025.3494 TEA-;
100 ## - MAIN ENTRY--AUTHOR NAME
Personal name Teague, S.J.
245 #0 - TITLE STATEMENT
Title Microform librarianship
260 ## - PUBLICATION, DISTRIBUTION, ETC. (IMPRINT)
Place of publication London
Name of publisher Butterworths
Year of publication 1977
300 ## - PHYSICAL DESCRIPTION
Number of Pages 177p.
650 ## - SUBJECT ADDED ENTRY--TOPICAL TERM
Topical Term Librarianship
650 ## - SUBJECT ADDED ENTRY--TOPICAL TERM
Topical Term Microfiche services
650 ## - SUBJECT ADDED ENTRY--TOPICAL TERM
Topical Term Library services
650 ## - SUBJECT ADDED ENTRY--TOPICAL TERM
Topical Term Microforms
650 ## - SUBJECT ADDED ENTRY--TOPICAL TERM
Topical Term Library science
650 ## - SUBJECT ADDED ENTRY--TOPICAL TERM
Topical Term Library services
650 ## - SUBJECT ADDED ENTRY--TOPICAL TERM
Topical Term Libraries - Special collections
650 ## - SUBJECT ADDED ENTRY--TOPICAL TERM
Topical Term Nonbook materials
650 ## - SUBJECT ADDED ENTRY--TOPICAL TERM
Topical Term Audio-visual materials
942 ## - ADDED ENTRY ELEMENTS (KOHA)
Koha item type Books
Holdings
Withdrawn status Lost status Damaged status Not for loan Home library Current library Date acquired Full call number Accession Number Price effective from Koha item type
        NASSDOC Library NASSDOC Library 08/06/2004 025.3494 TEA-; 10029 18/04/2019 Books